Movies Quiz

Random Movies Quiz

Harry Potter and the Chamber of Secrets Trivia Quiz Stats

 Plays Quiz not verified by Sporcle

Score 0/20 Timer 10:00
0 Plays Today
Hint Answer % Correct
What was the name of the House-Elf who tried to warn Harry of a sinister plot at Hogwarts?Dobby
95.6%
Who is Slytherin's new Seeker?Draco
78.2%
What dangerous plant were the second years learning about in Herbology? Mandrake
63.7%
What item of clothing did Harry give to free Dobby from his enslavement?Sock
62%
What is the name of the girl who died 50 years ago?Myrtle
61.2%
Which car had Arthur Weasley bewitched to make fly?Ford Anglia
59.7%
Who was the first to be Petrified?Mrs Norris
59.3%
What weapon did Harry use to kill the Basilisk?Sword
56.6%
How was Hermione Petrified?Mirror
55.6%
What drink does Madam Pomfrey give Harry after the incident with the Rogue Bludger at Quidditch?Skele-Gro
51.6%
Hint Answer % Correct
Which of the Ghosts were celebrating their Deathday?Nick
49.7%
Who is Tom Marvolo Riddle?Lord Voldemort
49.3%
What was the name of the shop where Harry met Gilderoy Lockhart? Flourish and Blotts
47.6%
What spell does Snape demonstrate on Lockhart during the Dueling Club?Expelliarmus
46.8%
What is the name of someone who possesses the uncommon ability to speak to snakes?Parselmouth
45.3%
What was the name of Uncle Vernon's clients who visited at the begining?Mr and Mrs Mason
41.3%
Who was the school's previous Headmaster?Dippet
38.4%
Why did Ron recieve a Howler from his mother?Stealing the car
32.5%
What was the message on the wall that indicated Ginny had been taken into the Chamber? Her skeleton will lie in the chamber forever
22.4%
What was Aragog's wife called?Morag
10.9%

You're not logged in!

Compare scores with friends on all Sporcle quizzes.
OR
Log In

Show Comments

Extras

Created Aug 11, 2015SourceReportNominate
Tags:chamber, secret

Top Quizzes Today


Score Distribution

Your Account Isn't Verified!

In order to create a playlist on Sporcle, you need to verify the email address you used during registration. Go to your Sporcle Settings to finish the process.

Report this User

Report this user for behavior that violates our Community Guidelines.

Details: